Zgadnij flagę mikronacji. - Statystyki

Ogólne statystyki
  • Ten quiz został rozwiązany 54 razy
    52 od ostatniego zresetowania
  • Średni wynik to 5 z 24
Statystyki odpowiedzi
Obrazkowy Odpowiedź % Poprawnych
Sealand
100%
Liberland
62%
Molossia
59%
Conch
53%
Kabuto
44%
Seaborga
32%
Aerica
24%
Hutt river
24%
Rose Island
18%
Kugelmugel
15%
Lovely
15%
Christiania
12%
Slowjamastan
9%
Atlantium
3%
Minerva
3%
Raphania
3%
Trash Isles
3%
Westarctica
3%
Akhzivland
0%
Austenasia
0%
Flandrensis
0%
Redonda
0%
Saugeais
0%
Talossa
0%
Nie znaleziono quizów pasujących do podanych kryteriów
Rozkład punktacji
Procent ludzi z każdym wynikiem
Percentyl według liczby udzielonych odpowiedzi
Twoja historia wyników
Nie rozwiązałeś tego quizu od ostatniego zresetowania